Statistics for Popular Dinosaurs

Click here to take the quiz!

General Stats

  • This quiz has been taken 35 times
  • The average score is 8 of 11

Answer Stats

HintAnswer% Correct
3 HornsTriceratops
100%
Has A Spine Along Its BackSpinosaurus
97%
KingT-Rex
97%
Big And Has A Long NeckBrachiosaurus
90%
Spiky Plates On Its BackStegosaurus
90%
Small And Hunts In PacksVelociraptor
86%
Similar To The KingAllosaurus
69%
Similar To The Dino Directly AboveDiplodocus
59%
Has Headbutting Contests With Other Dinos Of Its KindPachycephalosaurus
55%
Has A Crest On Its HeadParasaurolophus
55%
Eats Fish At StreamsBaryonyx
41%

Score Distribution

Percentile by Number Answered

Percent of People with Each Score

Your Score History

You have not taken this quiz